Los gobiernos municipales en el primer año de Flores

En este artículo se comenta la relación que ha existido entre el presidente salvadoreño Francisco Flores y los municipios, la que se considera como pobre. Entre otras observaciones el artículo argumenta que el debate sobre los fondos municipales pretende, a la larga, despertar conciencia de la impor...

Volledige beschrijving

Bewaard in:
Bibliografische gegevens
Formaat: Texto
Onderwerpen:
Tags: Voeg label toe
Geen labels, Wees de eerste die dit record labelt!

MARC

LEADER 00000 a a2200000 04500
001 6371
003
040
245 |a Los gobiernos municipales en el primer año de Flores  
520 |a En este artículo se comenta la relación que ha existido entre el presidente salvadoreño Francisco Flores y los municipios, la que se considera como pobre. Entre otras observaciones el artículo argumenta que el debate sobre los fondos municipales pretende, a la larga, despertar conciencia de la importancia del trabajo local como una forma de dar respuesta más efectiva a las necesidades de la población y no simplemente a la institucionalización de unos trámites burocráticos entre las instituciones públicas./MSD  
650 |a MUNICIPIOS  
650 |a PRESIDENCIA  
650 |a PARTIDOS POLITICOS  
773 |g volumen 20, número 904; páginas 7-9  
999 |c 24636  |d 24636